Statistiken für Pokémon - 4. Generation - Deutsch - German

Klicken Sie hier um das Quiz zu spielen!

Allgemein

  • Dieses Quiz wurde 56 mal gespielt
  • Das Durchschnittsergebnis liegt bei 70 aus 107

Antwortstatistiken

HintAntwort% Korrekt
387Chelast
96%
393Plinfa
96%
483Dialga
94%
395Impoleon
94%
484Palkia
94%
392Panferno
94%
390Panflam
94%
391Panpyro
92%
493Arceus
88%
487Giratina
86%
396Staralili
86%
398Staraptor
86%
394Pliprin
84%
481Vesprit
84%
404Luxio
82%
405Luxtra
82%
480Selfe
82%
399Bidiza
80%
491Darkrai
80%
448Lucario
80%
397Staravia
80%
482Tobutz
80%
400Bidifas
78%
388Chelcarain
78%
466Elevoltek
78%
389Chelterrar
76%
467Magbrant
76%
471Glaziola
73%
447Riolu
73%
403Sheinux
73%
445Knakrack
71%
486Regigigas
71%
488Cresselia
69%
485Heatran
69%
490Manaphy
69%
418Bamelin
67%
419Bojelin
67%
470Folipurba
67%
444Knarksel
67%
460Rexblisar
67%
407Roserade
67%
410Schilterus
67%
492Shaymin
67%
461Snibunna
67%
443Kaumalat
65%
408Koknodon
65%
489Phione
65%
409Rameidon
65%
434Skunkapuh
65%
435Skuntank
65%
411Bollterus
63%
425Driftlon
63%
426Drifzepeli
63%
456Finneon
63%
406Knospi
63%
457Lumineon
63%
462Magnezone
63%
464Rihornior
61%
459Shnebedeck
61%
472Skorgro
61%
402Zirpeise
61%
401Zirpurze
61%
437Bronzong
59%
479Rotom
59%
429Traunmagil
59%
436Bronzel
57%
413Burmadame
57%
431Charmian
57%
478Frosdedje
57%
442Kryppuk
57%
473Mamutel
57%
452Piondragi
57%
432Shnurgarst
57%
468Togekiss
57%
469Yanmega
57%
412Burmy
55%
475Galagladi
55%
450Hippoterus
55%
430Kramshef
55%
417Pachirisu
55%
474Porygon-Z
55%
465Tangoloss
55%
454Toxiquak
55%
440Wonneira
55%
477Zwirrfinst
55%
423Gastrodon
53%
453Glibunkel
53%
449Hippopotas
53%
446Mampfaxo
53%
438Mobai
53%
451Pionskora
53%
416Honweisel
51%
439Pantimimi
51%
422Schalellos
51%
476Voluminas
51%
433Klingplim
49%
458Mantirps
49%
414Moterpel
49%
463Schlurplek
49%
455Venuflibis
49%
415Wadribie
49%
424Ambidiffel
47%
420Kikugi
47%
421Kinoso
47%
427Haspiror
45%
441Plaudagei
45%
428Schlapor
37%

Verteilung der Resultate

Perzentil nach korrekt beantworteten Fragen

Anzahl Personen mit jedem Resultat

Ihre Resultats-Entwicklung

Sie haben dieses Quiz noch nicht gespielt